• 首页
  • 本馆介绍
  • 公告通知
  • 最新文献
  • 馆藏检索
  • 电子资源
  • 读者导购
  • 参考咨询
  • 我的图书馆
  • 登录
  • 详细信息显示
  • 放入我的书架
  • 预约/预借图书
  • 作者相关作品
  • 分类相关作品
  • 丛书相关作品
  • 出版社相关作品

书目信息

  • 表格格式
  • 工作单格式
  • 卡片格式
题名:
太空物理学导论
    
 
作者: 美Margaret G.Kivelson 主编 ;曹晋滨 译
分册:  
出版信息: 北京   科学出版社  2001
页数: 433页
开本: 26cm
丛书名:
单 册:
中图分类: P35
科图分类:
主题词: 高层大气 , 空间物理学
电子资源:
ISBN: 7-03-008864-6
000 00674nam0 2200205 450
001 0735592734
005 20070906095312.73
010    @a7-03-008864-6@d¥57.00
100    @a20070906d km y0chiy0120 ea
101 0  @achi
200 1  @a太空物理学导论@Atai kong wu li xue dao lun@f[美]Margaret G.Kivelson等主编@F[mei]Margaret G.Kivelson deng zhu bian@g曹晋滨等译@Gcao jin bin deng yi
210    @a北京@c科学出版社@d2001
215    @a433页@d26cm
606 0  @a高层大气
606 0  @a空间物理学
690    @aP35@v3
701  0 @a美Margaret G.Kivelson@Amei Margaret G.Kivelson@4主编
702  0 @a曹晋滨@Acao jin bin@4译
801  0 @aCN@bPFT@c20070906
905    @a213230@dP35@ep6@f1
    
    太空物理学导论/[美]Margaret G.Kivelson等主编/曹晋滨等译.-北京:科学出版社,2001
    433页;26cm
    
    
    ISBN 7-03-008864-6:¥57.00
    
●
相关链接 在E读中查询图书 在五车中查询图书 在当当中查询图书 在豆瓣中查询图书


正题名:太空物理学导论     索取号:P35/p6         预约/预借

序号 登录号 条形码 馆藏地/架位号 状态 备注
1 7201881   272018808   密集书库-物理学院/ [索取号:P35/p6] 在馆    
2 7201882   272018817   密集书库-物理学院/ [索取号:P35/p6] 在馆    
唐山师范学院图书馆 欢迎您!
大连网信软件有限公司© 版权所有